| 000 -LEADER |
| fixed length control field |
00894cam a2200289Ia 4500 |
| 020 ## - INTERNATIONAL STANDARD BOOK NUMBER |
| ISBN |
0673300102 (Gr.2) |
| 020 ## - INTERNATIONAL STANDARD BOOK NUMBER |
| ISBN |
0673300102 (Gr.2) |
| 020 ## - INTERNATIONAL STANDARD BOOK NUMBER |
| ISBN |
0673300110 (Gr.3) |
| 020 ## - INTERNATIONAL STANDARD BOOK NUMBER |
| ISBN |
0673300129 (Gr.4) |
| 020 ## - INTERNATIONAL STANDARD BOOK NUMBER |
| ISBN |
0673300137 (Gr.5) |
| 020 ## - INTERNATIONAL STANDARD BOOK NUMBER |
| ISBN |
0673300145 (Gr.6) |
| 020 ## - INTERNATIONAL STANDARD BOOK NUMBER |
| ISBN |
0673300153 (Gr.7) |
| 020 ## - INTERNATIONAL STANDARD BOOK NUMBER |
| ISBN |
0673300161 (Gr.8) |
| 040 ## - CATALOGING SOURCE |
| Transcribing agency |
EXN |
| 082 ## - DEWEY DECIMAL CLASSIFICATION NUMBER |
| Classification number |
372 SCO 1998 A017 Or. |
| 100 1# - MAIN ENTRY--AUTHOR NAME |
| Personal name |
Beers, James W., |
| 245 10 - TITLE STATEMENT |
| Title |
Everyday spelling / |
| 246 14 - VARYING FORM OF TITLE |
| Title proper/short title |
Everyday spelling : |
| Remainder of title |
vocabulary, writing, cross-curricular words |
| 260 ## - PUBLICATION, DISTRIBUTION, ETC. (IMPRINT) |
| Place of publication |
Glenview, Ill. : |
| Name of publisher |
Scott Foresman Addison Wesley, |
| Year of publication |
c1998. |
| 300 ## - PHYSICAL DESCRIPTION |
| Number of Pages |
7 v. : |
| Other physical details |
col. ill. ; |
| Dimensions |
28 cm. |
| 500 ## - GENERAL NOTE |
| General note |
Cover title: Everyday spelling : vocabulary, writing, cross-curricular words. |
| 650 #0 - SUBJECT ADDED ENTRY--TOPICAL TERM |
| Topical Term |
English language |
| 650 #0 - SUBJECT ADDED ENTRY--TOPICAL TERM |
| Topical Term |
Spellers. |
| 700 1# - ADDED ENTRY--PERSONAL NAME |
| Personal name |
Cramer, Ronald L. |
| 700 1# - ADDED ENTRY--PERSONAL NAME |
| Personal name |
Hammond, W. Dorsey. |
| 942 ## - ADDED ENTRY ELEMENTS (KOHA) |
| Koha item type |
សៀវភៅភាសាអង់គ្លេស |
| 952 ## - LOCATION AND ITEM INFORMATION (KOHA) |
| Withdrawn status [LOCAL, KOHA] |
0 |